Errata#/ (Record no. 3940)

MARC details
000 -LEADER
campo de control de longitud fija 01641nam a22003857a 4500
003 - IDENTIFICADOR DE NÚMERO DE CONTROL
campo de control OSt
005 - FECHA Y HORA DE LA ÚLTIMA TRANSACCIÓN
campo de control 20230628082346.0
008 - DATOS DE LONGITUD FIJA--INFORMACIÓN GENERAL
campo de control de longitud fija 221006b |||||||| |||| 00| 0 eng d
040 ## - FUENTE DE CATALOGACIÓN
Centro/agencia transcriptor Biblioteca Lado V
082 ## - NÚMERO DE LA CLASIFICACIÓN DECIMAL DEWEY
Número de clasificación 700
Número de ítem R696e
110 ## - ENTRADA PRINCIPAL--NOMBRE DE ENTIDAD CORPORATIVA
9 (RLIN) 856
Nombre de entidad corporativa o nombre de jurisdicción como elemento de entrada Fundación Gilberto Alzate Avendaño
Término indicativo de función/relación editor
245 ## - MENCIÓN DEL TÍTULO
Título Errata#/
Resto del título Desobediencias sexuales/
260 ## - PUBLICACIÓN, DISTRIBUCIÓN, ETC.
Lugar de publicación, distribución, etc. Colombia
Fecha de publicación, distribución, etc. 2016
Nombre del editor, distribuidor, etc. Instituto Distrital de las Artes
300 ## - DESCRIPCIÓN FÍSICA
Dimensiones 21.5x26cm
Extensión 256p.
366 ## - INFORMACIÓN SOBRE DISPONIBILIDAD COMERCIAL
Nota spa
490 ## - MENCIÓN DE SERIE
Mención de serie 16
Designación de volumen o secuencia 2016
Número Internacional Normalizado para Publicaciones Seriadas 2145-6399
505 ## - NOTA DE CONTENIDO CON FORMATO
Título EDITORIAL
505 ## - NOTA DE CONTENIDO CON FORMATO
Título LO COMUN DISENSUAL: PRODUCCION DE SABERES CRITICOS EN EXPOSICIONES
Nota de contenido con formato Educar a los otros a través del arte<br/><br/>Aprender desaprender<br/><br/>economías feministas<br/><br/>Aprender con los públicos
505 ## - NOTA DE CONTENIDO CON FORMATO
Título ANTE EL LUGAR COMUN: TRES REFLEXIONES SOBRE LO CURATORIAL
Nota de contenido con formato Mediar las practicas artísticas, <br/><br/>Intersticios entre practicas pedagógicas y curatoriales en Colombia<br/><br/>Un giro educativo
505 ## - NOTA DE CONTENIDO CON FORMATO
Título DOSSIER
505 ## - NOTA DE CONTENIDO CON FORMATO
Título ENTREVISTA
505 ## - NOTA DE CONTENIDO CON FORMATO
Título A:DENTRO
505 ## - NOTA DE CONTENIDO CON FORMATO
Título A:FUERA
505 ## - NOTA DE CONTENIDO CON FORMATO
Título PUBLICADOS
505 ## - NOTA DE CONTENIDO CON FORMATO
Título INSERTO: Pablo Helguera
650 ## - PUNTO DE ACCESO ADICIONAL DE MATERIA--TÉRMINO DE MATERIA
Fuente del encabezamiento o término Tesauro de Arte & Arquitectura
Término de materia o nombre geográfico como elemento de entrada ARTE COMTEMPORANEO
9 (RLIN) 703
650 ## - PUNTO DE ACCESO ADICIONAL DE MATERIA--TÉRMINO DE MATERIA
Fuente del encabezamiento o término Tesauro de Arte & Arquitectura
Término de materia o nombre geográfico como elemento de entrada ARTES VISUALES
9 (RLIN) 702
650 ## - PUNTO DE ACCESO ADICIONAL DE MATERIA--TÉRMINO DE MATERIA
Fuente del encabezamiento o término Tesauro de Arte & Arquitectura
Término de materia o nombre geográfico como elemento de entrada PEDAGOGIA
9 (RLIN) 702
650 ## - PUNTO DE ACCESO ADICIONAL DE MATERIA--TÉRMINO DE MATERIA
Fuente del encabezamiento o término Tesauro de Arte & Arquitectura
Término de materia o nombre geográfico como elemento de entrada CURADURIA
650 ## - PUNTO DE ACCESO ADICIONAL DE MATERIA--TÉRMINO DE MATERIA
Fuente del encabezamiento o término Tesauro de Arte & Arquitectura
Término de materia o nombre geográfico como elemento de entrada CRITICA
650 ## - PUNTO DE ACCESO ADICIONAL DE MATERIA--TÉRMINO DE MATERIA
Fuente del encabezamiento o término Tesauro de Arte & Arquitectura
Término de materia o nombre geográfico como elemento de entrada ESPACIOS ARTISTICOS
650 ## - PUNTO DE ACCESO ADICIONAL DE MATERIA--TÉRMINO DE MATERIA
Fuente del encabezamiento o término Tesauro de Arte & Arquitectura
Término de materia o nombre geográfico como elemento de entrada COLOMBIA
700 ## - ENTRADA AGREGADA--NOMBRE PERSONAL
Nombre de persona Navarreta, Jose Antonio
Término indicativo de función/relación editor
942 ## - ELEMENTOS DE ENTRADA SECUNDARIOS (KOHA)
Fuente del sistema de clasificación o colocación Clasificación Decimal Dewey
Tipo de ítem Koha Libros
Parte de la signatura que corresponde a la clasificación (Parte de la clasificación) 700
Parte de la signatura que identifica el ejemplar (Parte del ítem) F981e
Suprimir en OPAC No
Holdings
Estatus retirado Estado de pérdida Fuente del sistema de clasificación o colocación Especificación de materiales (volumen encuadernado u otra parte) Estado de daño No para préstamo Colección Biblioteca de origen Biblioteca actual Fecha de adquisición Enumeración/cronología de publicación seriada Número de inventario Total de préstamos Signatura topográfica completa Código de barras Visto por última vez Precio de reemplazo Tipo de ítem Koha
    Clasificación Decimal Dewey 2016     Revistas Biblioteca LadoV Biblioteca LadoV 22/06/2023 16 002933   700 F981e 002933 22/06/2023 22/06/2023 Libros